Score 0/12 Timer 03:00
0 Plays Today
Number of Neighbors Country % Correct
1Lesotho
74.1%
1Vatican City
73.2%
2Andorra
68.2%
2Mongolia
64.2%
1San Marino
63.2%
2eSwatini
61.2%
2Nepal
59%
3Luxembourg
58.2%
2Bhutan
47.5%
5Laos
43.9%
2Moldova
31.3%
5Belarus
30.7%
Come Together.
Have Fun.
All Virtual.
We all need to come together. Play Sporcle's virtual live trivia to have fun, connect with people, and get your trivia on. Join a live hosted trivia game for your favorite pub trivia experience done virtually. If a virtual private party is more your thing, go here for details.

You're not logged in!

Compare scores with friends on all Sporcle quizzes.
OR
Log In

Sporcle TV

Today on Sporcle TV


Watch our educational content, quiz creation guides, and fun videos on Sporcle TV.

Show Comments

Extras

Top Quizzes Today


Score Distribution

Paid Content

Your Account Isn't Verified!

In order to create a playlist on Sporcle, you need to verify the email address you used during registration. Go to your Sporcle Settings to finish the process.

Report this User

Report this user for behavior that violates our Community Guidelines.

Details: